000 01025nam a2200229Ia 4500
001 18597
005 20260420155831.0
008 260306s9999||||xx |||||||||||||| ||und||
041 _aESP
082 _a658.4092
_bD18
100 _aD'Alessio Ipinza, Fernando
_eAUT
245 0 _aLiderazgo y atributos gerenciales:
_buna visión global y estratégica
260 _c2010
300 _axxiv, 448 páginas :
_c24 cm.
650 _aGEN
654 _aCAN
856 _uhttps://itmsp.museknowledge.com/UCSP?url=https://www.ebooks7-24.com:443/?il=7296&pg=1
_zVersión digital (2017)
856 _uhttps://0u213x8fl-y-https-ebooks7--24-com.itmsp.museknowledge.com/biblioteca.aspx
_zVéase además: Base de datos Ebook7-24
856 _uhttps://0u20fx8hg-y-https-research-ebsco-com.itmsp.museknowledge.com/c/qxo6us/search
_zVéase además: Base de datos EBSCOhost
856 _uhttps://0u20yx8i6-y-https-www-bibliotechnia-com-mx.itmsp.museknowledge.com/
_zVéase además: Base de datos BiblioTechnia
942 _cLIB
_dJUS
_fJUS
_2ddc
999 _c18597
_d18597